00332nam a2200121 a 450000500170000000800410001705000240005810000210008224500390010326000350014230000210017765000120019820140310183208.0030207s19uu xx 00 eng d aPS 3552b.B959 1994 aBurke, James Lee aDixie city jam /cJames Lee Burke. aGreat Britain :bOrion,c1994. a367 p. :c18 cm. aFiction